000 00467nam a2200133Ia 4500
008 100328s9999 xx 000 0 und d
082 _b49080
100 _aघाणेकर माुसूदन
245 _aअक्षर सांगते स्वभाव.
260 _bइंद्रायणी
630 _aअक्षर सांगते स्वभाव.
730 _aअक्षर सांगते स्वभाव.
942 _cBOOK
999 _c536577
_d536574